| 000 | 01484nam0a22002891 4500 | ||
|---|---|---|---|
| 001 | rc\2617190 | ||
| 005 | 20250623140811.0 | ||
| 035 | _a(NLR Aleph) 006780929 | ||
| 090 |
_a6043437 _c6043437 |
||
| 100 | _a20110914d1931 |||y0rusy50 ca | ||
| 101 | 0 | _arus | |
| 102 | _aRU | ||
| 105 | _aa z ||||| | ||
| 200 | 1 |
_aУстройство железнодорожного пути _eОбщие сведения о железных дорогах. Тяговые расчеты. Технические условия проэктирования ж. д. и изыскания их. Земляное полотно. Верхнее строение пути _eДля учащихся техникумов и самообразования ж.-д. агентов _fВ. П. Крачковский |
|
| 205 | _a2-е изд., испр. и доп. | ||
| 210 |
_aМосква _cОгиз - Гострансиздат _d1931 _gтип. "Пролетарское слово" |
||
| 215 |
_a488 с. _cил. _d22х15 см. |
||
| 300 | _aВ коленкоровом переплете | ||
| 300 | _aНа обл.: В. Н. [?] Крачковский | ||
| 320 | _aБиблиография: "Главнейшие литературные источники" (стр. 487-88) | ||
| 700 | 1 |
_aКрачковский _bВ.П. _f1893- _gВасилий Поликарпович |
|
| 801 | 0 |
_aRU _bNLR _gpsbo |
|
| 801 | 1 |
_aRU _bELAR _2rusmarc |
|
| 852 |
_aNLR _j31-3/773 |
||
| 942 | _cBOOK | ||
| 980 | _aNB | ||